ბათუმის შოთა რუსთაველის სახელმწიფო უნივერსიტეტის ბიბლიოთეკა

ნარატივის მხატვრული ფუნქცია თანამედროვე ქართულ პროზაში : (ბიბ.ჩანაწერი № 57081)

000 -ლიდერი
ფიქსირებული სიგრძის საკონტროლო ველი 01607nam a22002417a 4500
003 - საკონტროლო ნომრის იდენტიფიკატორი
საკონტროლო ველი Ge_BSU
005 - ბოლო ოპერაციის თარიღი და დრო
საკონტროლო ველი 20191129144905.0
008 - ფიქსირებული სიგრძის მონაცემთა ელემენტები - ზოგადი ინფორმაცია
ფიქსირებული სიგრძის საკონტროლო ველი 191112s ge ||||| |||| 00| 0 geo d
041 ## - ენის კოდი
Language code of text/sound track or separate title geo
080 ## - უნივერსალური ათობითი კლასიფიკაციის ინდექსი
Universal Decimal Classification number 82 ბ-57
100 ## - მთავარი ჩანაწერი - პიროვნების სახელი
Personal name ბერძული, ნატო
9 (RLIN) 5311
245 ## - ცნობა სათაურის შესახებ
Title ნარატივის მხატვრული ფუნქცია თანამედროვე ქართულ პროზაში :
Remainder of title (დათო ტურაშვილის, კოტე ჯანდიერის, აკა მორჩილაძის შემოქმედებაში) /
Statement of responsibility, etc სამეცნ. ხელმძღვანელი მ. ჩოხარაძე, ზ. კიკვიძე.
264 ## - წარმოების, გამოცემის, დისტრიბუციის და სხვა ცნობები
გამოცემის, წარმოების, დისტრიბუციის... ადგილი ბათუმი,
გამოცემის, წარმოების, დისტრიბუციის... სახელწოდება 2019.
300 ## - ფიზიკური აღწერა
Extent 123 გვ.
Other physical details 30 სმ.
504 ## - BIBLIOGRAPHY, ETC. NOTE
Bibliography, etc ბიბლიოგრ. გვ.113-121
653 ## - INDEX TERM--UNCONTROLLED
Uncontrolled term ლიტერატურათმცოდნეობა
653 ## - INDEX TERM--UNCONTROLLED
Uncontrolled term ფილოლოგია
653 ## - INDEX TERM--UNCONTROLLED
Uncontrolled term დისერტაცია
700 ## - ADDED ENTRY--PERSONAL NAME
Personal name ჩოხარაძე, მ.
Relator term მეცნ. ხელმძღვანელი
9 (RLIN) 5312
700 ## - ADDED ENTRY--PERSONAL NAME
Personal name კიკვიძე, ზ.
Relator term მეცნ. ხელმძღვანელი
9 (RLIN) 5313
710 ## - ADDED ENTRY--CORPORATE NAME
Corporate name or jurisdiction name as entry element ბათუმის შოთა რუსთაველის სახელმწიფო უნივერსიტეტი
Subordinate unit ჰუმანიტარულ მეცნიერებათა ფაკულტეტი
Relator term ქართული ფილოლოგიის დეპარტამენტი
9 (RLIN) 3259
942 ## - ADDED ENTRY ELEMENTS (KOHA)
Source of classification or shelving scheme
Koha item type წიგნი
ეგზემპლარები
ჩამოწერის სტატუსი დაკარგული ეგზემპლარის სტატუსი კლასიფიკაციის წყარო ან თაროზე გაწყობის სქემა მითითებული მასალები (აკინძული ტომები ან სხვა ნაწილი) დაზიანების სტატუსი არ გაიცემა მუდმივი მდებარეობა (დაცვის ადგილი) ამჟამინდელი ადგილსამყოფელი თაროზე განთავსების ადგილი შეძენის თარიღი სრული შენახვის შიფრი შტრიხკოდი ბოლო ოპერაციის თარიღი ეგზემპლარის მიმდევრობითი ნომერი (კეტერი?) ფასის ძალაში შესვლის თარიღი ეგზემპლარის სახეობა
      დისერტაცია     ბათუმის შოთა რუსთაველის სახელმწიფო უნივერსიტეტის მთავარი ბიბლიოთეკა ბათუმის შოთა რუსთაველის სახელმწიფო უნივერსიტეტის მთავარი ბიბლიოთეკა წიგნსაცავი 2019-11-12 82 ბ-57 330 დისერტაცია 2019-11-12 330 2019-11-12 დისერტაცია